Memoria presentada por la Junta Directiva del Fomento de la Producción Española, a la aprobación de la Junta General Ordinaria celebrada el dia 25 de Febrero de 1877. (Record no. 182233)

MARC details
000 -LEADER
campo de control de longitud fija 00592nam a2200145 i 4500
001 - NÚMERO DE CONTROL
campo de control 182233
003 - IDENTIFICADOR DE NÚMERO DE CONTROL
campo de control ES-MaACL
005 - FECHA Y HORA DE LA ÚLTIMA TRANSACCIÓN
campo de control 20230906221548.0
008 - DATOS DE LONGITUD FIJA--INFORMACIÓN GENERAL
campo de control de longitud fija 130723s1877 sp |||| | spa d
110 2# - ENTRADA PRINCIPAL--NOMBRE DE ENTIDAD CORPORATIVA
Nombre de entidad corporativa o nombre de jurisdicción como elemento de entrada Fomento de la Producción Española.
9 (RLIN) 4135
245 10 - MENCIÓN DEL TÍTULO
Título Memoria presentada por la Junta Directiva del Fomento de la Producción Española, a la aprobación de la Junta General Ordinaria celebrada el dia 25 de Febrero de 1877.
260 ## - PUBLICACIÓN, DISTRIBUCIÓN, ETC.
Lugar de publicación, distribución, etc. Barcelona :
Nombre del editor, distribuidor, etc. [s.n.],
Fecha de publicación, distribución, etc. 1877 (
Fabricante Establecimiento Tipográfico de Leopoldo Domenech)
300 ## - DESCRIPCIÓN FÍSICA
Extensión 15 p. ;
Dimensiones 23 cm.
852 ## - LOCALIZACIÓN
Ubicación ES-MaACL
Número de control de estantería T-250-F-2
Holdings
Estatus retirado Estado de pérdida Estado de daño No para préstamo Colección Biblioteca de origen Biblioteca actual Ubicación en estantería Fecha de adquisición Fuente de adquisición Total de préstamos Signatura topográfica completa Código de barras Visto por última vez Precio de reemplazo Tipo de ítem Koha
        Colección de folletos Biblioteca del Ateneo de Madrid Biblioteca del Ateneo de Madrid Depósito folletos 23/07/2013     T-250-F-2 1191508 23/02/2023 23/02/2023 Folleto